书目信息 |
| 题名: |
学习的日本·东亚·中亚
|
|
| 作者: | 吴季松, 著 | |
| 分册: | ||
| 出版信息: | 北京 北京出版社 2003.01 |
|
| 页数: | 286页, [10] 页图版 | |
| 开本: | 21cm | |
| 丛书名: | 看世界 | |
| 单 册: | ||
| 中图分类: | K931.3 | |
| 科图分类: | ||
| 主题词: | ||
| 电子资源: | ||
| ISBN: | 7-200-04857-7 | |
| 000 | 01071nam 2200289 450 | |
| 001 | 012008366436 | |
| 005 | 20080318161838.10 | |
| 010 | @a7-200-04857-7@dCNY19.00 | |
| 100 | @a20080318d2003 km y0chiy0120 ea | |
| 101 | 0 | @achi |
| 102 | @aCN@b110000 | |
| 105 | @aachfz 000yy | |
| 106 | @ar | |
| 200 | 1 | @a学习的日本·东亚·中亚@Axue xi de ri ben·dong ya·zhong ya@d= Developing Japan ·East Asia ·Central Asia,Wu Jisong@f吴季松 [著]@Fwu ji song[zhu]@zeng |
| 210 | @a北京@c北京出版社@d2003.01 | |
| 215 | @a286页, [10] 页图版@c图, 肖像, 摹真@d21cm | |
| 225 | 2 | @a看世界@Akan shi jie |
| 330 | @a本书主要以作者在日本、东亚、中亚的所见、所闻为主要内容,探讨了历史、文化、宗教、民族、政治和经济等因素对国家发展所产生的影响。 | |
| 410 | 0 | @12001 @a看世界 |
| 510 | 1 | @aDeveloping Japan ·East Asia ·Central Asia@zeng |
| 607 | 0 | @a日本@Ari ben@x概况 |
| 607 | 0 | @a中亚@Azhong ya@x概况 |
| 607 | 0 | @a东亚@Adong ya@x概况 |
| 690 | @aK931.3@v4 | |
| 701 | 0 | @a吴季松,@AWu Ji Song@f1944-@4著 |
| 801 | 0 | @aCN@bQSSK@c20080318 |
| 905 | @b20286833-35@dK931.3@eW806@f3 | |
| 学习的日本·东亚·中亚= Developing Japan ·East Asia ·Central Asia,Wu Jisong/吴季松 [著].-北京:北京出版社,2003.01 |
| 286页, [10] 页图版:图, 肖像, 摹真;21cm.-(看世界) |
| ISBN 7-200-04857-7:CNY19.00 |
| 本书主要以作者在日本、东亚、中亚的所见、所闻为主要内容,探讨了历史、文化、宗教、民族、政治和经济等因素对国家发展所产生的影响。 |
| ● |
| 相关链接 |
|
|
|
正题名:学习的日本·东亚·中亚
索取号:K931.3/W806
 
预约/预借
| 序号 | 登录号 | 条形码 | 馆藏地/架位号 | 状态 | 备注 |
| 1 | 286833 | 202868334 | 自科二线404/309社科库 27排4列5层/ [索取号:K931.3/W806] | 在馆 | |
| 2 | 286834 | 202868343 | 社科库309/309社科库 25排3列4层/ [索取号:K931.3/W806] | 在馆 | |
| 3 | 286835 | 202868352 | 社科库309/309社科库 25排3列4层/ [索取号:K931.3/W806] | 在馆 |